MARC Record
Leader
003
BE-GnUNI
007
't'u
035
a| (MSK)314001006
084
a| II.INT.12
245
0
0
a| ICOM News :
b| Unesco (Nouvelles de l'Icom).
500
a| In Antilope
546
a| Engels
500
a| Tijdschriften
852
4
b| MSK
c| MSK
j| II.INT.12
920
a| tijdschrift
001
000045135
005
20241224121706.0